01654nam a2200457 i 450000100060000000300080000600500170001400600190003100700150005000800410006502000180010602000270012403500230015103500240017403500250019803500220022304000310024505000260027608000200030208200180032210000290034024500690036925000190043826400370045730000410049433600310053533700330056633800430059950400290064258801240067159001640079565000260095965000340098565000120101965000110103165000290104265500270107179700190109885600620111799900170117985833FlNmELB20241217171426.0m o d | cr cnu||||||||180610s2017 sp ob 000 0 spa d z9788417343163 a9788417343743 (e-book) a(MiAaPQ)EBC5350022 a(Au-PeEL)EBL5350022 a(CaPaEBR)ebr11545999 a(OCoLC)1105853738 aFINmELBbspaerdacFINmELB 4aBF723.A87bS1618 2017 a159.923.3-053.20 a155.413832231 aSalazar Valencia, Laura.10aAutonomía personal y salud infantil /cLaura Salazar Valencia. a2a. edición. 1aMálaga :bIC Editorial,c2017. a1 recurso en línea (252 páginas) atextobtxt2rdacontent/spa acomputadorabc2rdamedia/spa arecurso en líneabcr2rdacarrier/spa aContiene bibliografía. aDescripción basada en recurso en línea; Título de la página del título en PDF (e-libro, visto July 10, 2018). aRecurso electrónico. Santa Fe, Arg.: e-libro, 2018. Disponible vía World Wide Web. El acceso puede estar limitado para las bibliotecas afiliadas a e-libro. 0aAutonomy in children. 0aChildrenxHealth and hygiene. 4aNiño. 4aSalud. 4aPsicología del niño. 4aLibros electrónicos.2 ae-libro, Corp.40uhttps://elibro.net/ereader/politecnicointernacional/45239 c85833d85833